<?xml version="1.0" encoding="UTF-8"?>
<marc:record xmlns:marc="http://www.loc.gov/MARC21/slim">
   <marc:leader>00000nam a2200000 a 4500</marc:leader>
   <marc:datafield ind1="1" ind2=" " tag="100">
      <marc:subfield code="a">Schmidt, Nina</marc:subfield>
      <marc:subfield code="4">aut</marc:subfield>
      <marc:subfield code="e">Verfasser/-in</marc:subfield>
   </marc:datafield>
   <marc:datafield ind1=" " ind2=" " tag="653">
      <marc:subfield code="a">Liebespaar</marc:subfield>
   </marc:datafield>
   <marc:datafield ind1=" " ind2=" " tag="653">
      <marc:subfield code="a">Alltag</marc:subfield>
   </marc:datafield>
   <marc:datafield ind1=" " ind2=" " tag="653">
      <marc:subfield code="a">Partnerschaftskonflikt</marc:subfield>
   </marc:datafield>
   <marc:datafield ind1=" " ind2=" " tag="653">
      <marc:subfield code="a">Fiktionale Darstellung</marc:subfield>
   </marc:datafield>
   <marc:datafield ind1=" " ind2=" " tag="653">
      <marc:subfield code="a">Belletristische Darstellung</marc:subfield>
   </marc:datafield>
   <marc:datafield ind1="0" ind2="0" tag="245">
      <marc:subfield code="a">Bis einer heult</marc:subfield>
   </marc:datafield>
   <marc:datafield ind1="0" ind2="0" tag="245">
      <marc:subfield code="b">Roman</marc:subfield>
   </marc:datafield>
   <marc:datafield ind1="0" ind2="0" tag="245">
      <marc:subfield code="c">Nina Schmidt</marc:subfield>
   </marc:datafield>
   <marc:datafield ind1=" " ind2="1" tag="264">
      <marc:subfield code="a">Frankfurt, M.</marc:subfield>
      <marc:subfield code="b">Fischer-Taschenbuch-Verl.</marc:subfield>
      <marc:subfield code="c">2007</marc:subfield>
   </marc:datafield>
   <marc:datafield ind1="1" ind2=" " tag="490">
      <marc:subfield code="a">Fischer</marc:subfield>
      <marc:subfield code="v">17429</marc:subfield>
   </marc:datafield>
   <marc:datafield ind1=" " ind2=" " tag="250">
      <marc:subfield code="a">Orig.-Ausg.</marc:subfield>
   </marc:datafield>
   <marc:datafield ind1="1" ind2=" " tag="520">
      <marc:subfield code="a">Angaben aus der Verlagsmeldung

Bis einer heult : Roman / von Nina Schmidt

Die 34-Jährige Antonia wohnt seit ein paar Monaten mit ihrem Freund Lukas zusammen. Eigentlich läuft alles gut: Lukas kann zum Beispiel unfallfrei eine Waschmaschine bedienen und weiß, dass es sich bei „Fairy Ultra“ nicht um eine Damenbinde handelt.
Aber nach und nach zieht ein neuer Mitbewohner ein: Kollege Alltag, der sich in den sowieso schon beengten Wohnverhältnissen der beiden ziemlich breitmacht. Statt Liebesbriefen gibt es Einkaufslisten und statt wilder Sexorgien nette Fernsehabende. Überhaupt, irgendwie ist das Leben zum Stillstand gekommen und Antonia gerät in eine Art ‚Drittel-Life-Krise’: Da sind Gefühle auch schon mal zur falschen Zeit am falschen Ort, und ausgerechnet die Ex von Lukas taucht plötzlich auf. Antonia versucht mit ihrer Eifersucht und ihrem natürlich rückfallgefährdeten Freund möglichst lässig umzugehen, was selbstverständlich gründlich in die Hose geht ...
Ein verdammt gut gelaunter 29plus-Roman: über das Älter-, aber irgendwie nicht Erwachsenwerden, über das Zusammenziehen und Auseinanderleben, über Frauenfreund- und Frauenfeindschaften. Und natürlich über Männer, die nicht ganz perfekt sind, obwohl sie längst im Sitzen pinkeln.
</marc:subfield>
   </marc:datafield>
   <marc:datafield ind1=" " ind2=" " tag="020">
      <marc:subfield code="a">9783596174294</marc:subfield>
      <marc:subfield code="9">9783596174294</marc:subfield>
   </marc:datafield>
   <marc:datafield ind1=" " ind2=" " tag="020">
      <marc:subfield code="a">3596174295</marc:subfield>
      <marc:subfield code="9">3596174295</marc:subfield>
   </marc:datafield>
   <marc:datafield ind1=" " ind2=" " tag="041">
      <marc:subfield code="a">ger</marc:subfield>
   </marc:datafield>
   <marc:datafield ind1=" " ind2=" " tag="300">
      <marc:subfield code="a">249 S.</marc:subfield>
   </marc:datafield>
</marc:record>
